| 000 | 00469nam a2200157Ia 4500 | ||
|---|---|---|---|
| 005 | 20250416151228.0 | ||
| 008 | 231217s9999 xx 000 0 und d | ||
| 020 | _a9788126523054 | ||
| 082 | _a621.38415 HIL;1 R | ||
| 100 | _aHillebrand, Friedhelm ed. | ||
| 245 | 0 | _aGSM and UMTS : the creation of global mobile communications | |
| 260 |
_c2002 _bWiley India _aNew Delhi |
||
| 300 | _aviii, 582 | ||
| 650 | _aGSM,UMTS,creation,global,communications | ||
| 942 | _cAA | ||
| 999 |
_c186374 _d186374 |
||